| 000 | 00751nam a2200217 u 4500 | ||
|---|---|---|---|
| 005 | 20210223131031.0 | ||
| 008 | 090630s2006 ba r 000 0 spa d | ||
| 020 | _a9875910163 | ||
| 035 | _aUPN01000171550 | ||
| 049 | _aCG | ||
| 050 | 4 |
_aHQ799 A7 _bI5.3 |
|
| 245 | 0 | 0 |
_aInequidad socio-cultural : _briesgo y resiliencia / _cMargarita Barrón ... [et al.]. |
| 260 |
_aCórdoba, Arg. : _bBrujas, _c[2006]. |
||
| 300 |
_a217 p. : _bcuadros, gráfs. |
||
| 440 | 0 |
_aAdolescencia, educación y salud ; _v1 |
|
| 650 | 4 |
_aADOLESCENTES - _zARGENTINA - _xCONDICIONES SOCIALES _912036 |
|
| 650 | 4 |
_aJUVENTUD - _zARGENTINA - _xACTITUDES _99510 |
|
| 650 | 4 |
_aADOLESCENTES - _xRELACIONES FAMILIARES _91017 |
|
| 700 | 1 |
_aBarrón, Margarita, _ecoaut. |
|
| 905 | _aLibro | ||
| 999 |
_c143655 _d143655 |
||